Co-creación : acompañamiento comunitario en la construcción social de turismo científico - Distrito Cartagena de Indias, sistema interno de cuerpos de agua lagunares : sabedores locales : componente cultural - antropológico /

Detalles Bibliográficos
Autores principales: Villamizar Carrillo, Diana Janeth (Autor), Padilla Sarmiento, Sandra Licette (Autor), Araque Chacón, Andrea Carolina (Autor)
Formato: Electrónico eBook
Lenguaje:español
Publicado: [Pamplona, Colombia] : Sello Editorial Universidad de Pamplona, [2021]
Materias:
Acceso en línea:Digitalia Hispánica

MARC

LEADER 00000nam a2200000 i 4500
001 DIGUPAMP0036
003 NyNyDIG
007 cr |||||||||||
008 240201s2021 ck a ob 000 0 spa d
006 m o d
035 |a (OCoLC)1422054685 
040 |a DGITA  |b eng  |e rda  |e pn  |c DGITA 
020 |z 9789585302075 
043 |a s-ck--- 
050 1 4 |a G155.C6 ebook 
100 1 |a Villamizar Carrillo, Diana Janeth,  |e author. 
245 1 0 |a Co-creación :  |b acompañamiento comunitario en la construcción social de turismo científico - Distrito Cartagena de Indias, sistema interno de cuerpos de agua lagunares : sabedores locales : componente cultural - antropológico /  |c autoras, Diana Janeth Villamizar Carrillo, Sandra Licette Padilla Sarmiento, Andrea Carolina Araque Chacón. 
246 1 4 |a Sabedores locales 
264 1 |a [Pamplona, Colombia] :  |b Sello Editorial Universidad de Pamplona,  |c [2021] 
300 |a 1 online resource :  |b illustrations. 
336 |a text  |b txt  |2 rdacontent 
337 |a computer  |b c  |2 rdamedia 
338 |a online resource  |b cr  |2 rdacarrier 
347 |a text file  |2 rdaft 
347 |b PDF 
500 |a "Proyecto de investigación: Desarrollo de una propuesta sostenible de turismo científico en el sistema interno de cuerpos de agua lagunares del Distrito de Cartagena de Indias, Departamento de Bolívar". 
504 |a Includes bibliographical references. 
588 0 |a Online resource; title from PDF title page (Digitalia, viewed February 1, 2024) 
650 0 |a Ecotourism  |z Colombia  |z Cartagena. 
650 0 |a Ecotourism  |x Social aspects  |z Colombia  |z Cartagena. 
700 1 |a Padilla Sarmiento, Sandra Licette,  |e author. 
700 1 |a Araque Chacón, Andrea Carolina,  |e author. 
791 2 |a Digitalia (Firm),  |e distributor. 
793 0 |g Digitalia eBook Collection:  |a Universidad de Pamplona 
776 0 8 |i Print version:  |a Villamizar Carrillo, Diana Janeth.  |t Co-creación.  |d [Pamplona, Colombia] : Sello Editorial Universidad de Pamplona, [2021]  |z 978958530207 
856 4 0 |3 Digitalia Hispánica  |u https://www.digitaliapublishing.com/a/131128/ 
910 |a Premium collection: 2024